000 00283nam a22001337a 4500
008 190205b xxu||||| |||| 00| 0 eng d
020 _a0880290013
041 _aeng
080 _a941
100 _a16
101 _aHIS
245 _aGods of the Catalysm
_cFox, H
942 _2udc
_cBK
999 _c54047
_d54047